History Quiz

Random History or Art Quiz

Historical Figures by Portrait II Quiz Stats

 Plays Quiz Updated Jun 26, 2014

Support Sporcle.
Go Orange.
Score 0/20 Timer 07:00
3 Plays Today
% Correct
George Washington
98.8%
Elizabeth I of England
92%
Ludwig van Beethoven
90%
Marie Antoinette
80.6%
Vincent van Gogh
74.4%
Christopher Columbus
71.6%
Genghis Khan
70.7%
Charles Darwin
67.9%
Isaac Newton
64.7%
Catherine II of Russia
59%
% Correct
Rembrandt van Rijn
58%
Meriwether Lewis
52.5%
Vlad the Impaler
47.4%
Hernán Cortés
44.7%
Voltaire
36.3%
Thomas Hobbes
29.1%
Frederick II of Prussia
21.4%
Tycho Brahe
17.8%
Henry the Navigator
14.2%
Henri IV de France
11.9%

You're not logged in!

Compare scores with friends on all Sporcle quizzes.
OR
Log In

From the Vault

CW Shows By Cast Photo

by lolshortee

All these photos look like they were taken by the same photographer.
Remove Ads.
Support Sporcle.
Get the best of Sporcle when you Go Orange. This ad-free experience offers more features, more stats, and more fun while also helping to support Sporcle. Thank you for becoming a member.

Show Comments

Extras

Top Quizzes Today


Score Distribution

Your Account Isn't Verified!

In order to create a playlist on Sporcle, you need to verify the email address you used during registration. Go to your Sporcle Settings to finish the process.

Report this User

Report this user for behavior that violates our Community Guidelines.

Details: